| 000 | 00519nam a2200169Ia 4500 | ||
|---|---|---|---|
| 005 | 20241223154638.0 | ||
| 008 | 231217s9999 xx 000 0 und d | ||
| 020 | _a978813759028 | ||
| 082 | _a001.6425 AHO;67 | ||
| 100 | _aAho, Alfred V. Lam, Monica, S. Ullman, Sethi, Ravi. Jeffrey D. | ||
| 245 | 0 | _aCompilers : principles, techniques and tools | |
| 250 | _a2nd ed. | ||
| 260 |
_c2011 _bDorling Kindersley _aNoida |
||
| 300 | _axxiv, 1009+Q.22 | ||
| 650 | _aCompilers,principles,,techniques,tools | ||
| 942 | _cAA | ||
| 999 |
_c192820 _d192820 |
||